| 000 | 00762nam a2200205Ii 4500 | ||
|---|---|---|---|
| 003 | JO-AjNU | ||
| 008 | 230605s9999||||xx |||||||||||||| ||und|| | ||
| 017 | _a1988/1336 | ||
| 040 |
_aJO-AjNU _bara _erda _cJO-AjNU |
||
| 041 | _aara | ||
| 050 | 1 | 4 | _aBP173.754.N3498 1988 |
| 100 | 3 |
_aياسين، نجمان, _eauthor _952823 |
|
| 245 | 0 | 0 | _aتطور الأوضاع الإقتصادية في عصر الرسالة والراشدين |
| 264 | 3 | 1 | _aالموصل: بيت الموصل، 1988 |
| 300 |
_a338ص _bببلوغرافيا ص 306-334 |
||
| 336 |
_atext _btxt _2rdacontent |
||
| 337 |
_aunmediated _bn _2rdamedia |
||
| 338 |
_avolume _bnc _2rdacarrier |
||
| 650 | 4 |
_aالاسلام- تاريخ عصر صدر الاسلام- احوال اقتصادية _952824 |
|
| 999 |
_aA23422 _c26990 _d26990 |
||